UBT Library

Linear algebra and its applications / (Record no. 1390)

000 -LEADER
fixed length control field 00458nam a22001697a 4500
008 - FIXED-LENGTH DATA ELEMENTS--GENERAL INFORMATION
fixed length control field 151130b xxu||||| |||| 00| 0 eng d
020 ## - INTERNATIONAL STANDARD BOOK NUMBER
International Standard Book Number 9788177583335
041 0# - LANGUAGE CODE
Language code of text/sound track or separate title eng
080 ## - UNIVERSAL DECIMAL CLASSIFICATION NUMBER
Universal Decimal Classification number 512.64
100 1# - Rafti
Rafti Lay, David C.
245 10 - TITLE STATEMENT
Title Linear algebra and its applications /
Statement of responsibility, etc David C. Lay.
250 ## -
-- 3rd ed.
260 ## -
-- Boston :
-- Addison Wesley,
-- c2003.
300 ## -
-- xvi, 492 f. :
-- me ill. ;
-- 24 cm.
650 #0 -
-- Algjebra lineare
942 ## - ADDED ENTRY ELEMENTS (KOHA)
Source of classification or shelving scheme
Item type Books
Holdings
Withdrawn status Lost status Source of classification or shelving scheme Damaged status Not for loan Collection code Permanent location Current location Shelving location Date acquired Total Checkouts Full call number Barcode Date last seen Koha item type
          Koleksioni i përgjithshem UBT - Lipjan UBT - Lipjan Koleksioni i përgjithshem 11/30/2015   512.64 LAY 002-008701 11/30/2015 Books
UBT Library © 2015-2024. All rights reserved University Education for Business and Technology